DC characters - Statistics

General Stats
  • This quiz has been taken 85 times
  • The average score is 5 of 15
Answer Stats
Hint Answer % Correct
7. Superman
100%
1. Flash
74%
11. Aquaman
58%
15. Green Arrow
43%
4. Martian Manhunter
32%
5. Nightwing
29%
10. Raven
22%
9. Harley Quinn
21%
13. Darkseid
19%
12. Sinestro
16%
6. Riddler
14%
2. Brainiac
8%
8. Constantine
8%
3. Lobo
8%
14. Wally West
1%
No matching quizzes found
Score Distribution
Percent of People with Each Score
Percentile by Number Answered
Your Score History
You have not taken this quiz